Online
Catalog

Crisis de la democracia de América en la República Dominicana / (Record no. 146)

MARC details
000 -CABECERA
campo de control de longitud fija 01861nam a2200289 a 4500
001 - NÚMERO DE CONTROL
campo de control 000000146
003 - IDENTIFICADOR DEL NÚMERO DE CONTROL
campo de control DO-SdBNP
005 - FECHA Y HORA DE LA ÚLTIMA TRANSACCIÓN
campo de control 20260321073636.0
008 - DATOS DE LONGITUD FIJA--INFORMACIÓN GENERAL
campo de control de longitud fija 081029s2007 dr 000 0 spa d
020 ## - NÚMERO INTERNACIONAL ESTÁNDAR DEL LIBRO
Número Internacional Estándar del Libro 9945406051
040 ## - FUENTE DE LA CATALOGACIÓN
Centro catalogador/agencia de origen DO-SdBNP
Lengua de catalogación spa
Centro/agencia transcriptor BNPHU
082 ## - NÚMERO DE LA CLASIFICACIÓN DECIMAL DEWEY
Número de clasificación 320.97293
Número de documento/Ítem B742c, 2007
100 1# - ENTRADA PRINCIPAL--NOMBRE DE PERSONA
Nombre de persona Bosch, Juan,
Fechas asociadas al nombre 1909-2001
9 (RLIN) 76555
245 10 - MENCIÓN DE TÍTULO
Título Crisis de la democracia de América en la República Dominicana /
Mención de responsabilidad, etc. Juan Bosch ; edición Diómedes Núñez Polanco y Rafael Julián.
250 ## - MENCIÓN DE EDICIÓN
Mención de edición 5a ed.
260 ## - PUBLICACIÓN, DISTRIBUCIÓN, ETC.
Lugar de publicación, distribución, etc. Santo Domingo :
Nombre del editor, distribuidor, etc. Alfa & Omega,
Fecha de publicación, distribución, etc. 2007.
300 ## - DESCRIPCIÓN FÍSICA
Extensión 233 p. ;
Dimensiones 21 cm.
505 0# - NOTA DE CONTENIDO CON FORMATO
Título Introducción a la primera edición dominicana --
-- Introducción --
-- A la muerte del tirano --
-- El Partido Revolucionario Dominicano en la hora crítica --
-- La juventud desviada --
-- Los patriotas y sus planes --
-- Los patriotas conquistan el poder --
-- La composición social dominicana --
-- La clase media en el campo político --
-- La lengua nueva --
-- Política y conspiración --
-- Una escuela de política --
-- Golpe primero elecciones después --
-- El papel de la Iglesia en el golpe --
-- Comunismo y democracia --
-- La Alianza para el Progreso --
-- Los hombres de la Alianza --
-- El CIDES, una experiencia importante --
-- Los conflictos con Haití --
-- El papel de la corrupción en el golpe --
-- Trujillo, el jefe militar del golpe --
-- Los sectores sociales en las fuerzas armadas --
-- Juventud y masas populares, reserva del porvenir.
590 ## - NOTA LOCAL (RLIN)
Nota local Inventariado, 2018/ YL
651 14 - PUNTO DE ACCESO ADICIONAL DE MATERIA--NOMBRE GEOGRÁFICO
Nombre geográfico República Dominicana
Subdivisión general Política y gobierno
Subdivisión cronológica 1930-1961
9 (RLIN) 479
651 14 - PUNTO DE ACCESO ADICIONAL DE MATERIA--NOMBRE GEOGRÁFICO
Nombre geográfico República Dominicana
Subdivisión general Política y gobierno
Subdivisión cronológica 1961-
9 (RLIN) 204
651 14 - PUNTO DE ACCESO ADICIONAL DE MATERIA--NOMBRE GEOGRÁFICO
Nombre geográfico República Dominicana
Subdivisión general Historia
Subdivisión cronológica 1961-1965
9 (RLIN) 480
700 12 - PUNTO DE ACCESO ADICIONAL--NOMBRE DE PERSONA
Nombre de persona Nuñez Polanco, Diómedes
Fechas asociadas al nombre 1952-
Término indicativo de función/relación ed.
9 (RLIN) 83559
700 12 - PUNTO DE ACCESO ADICIONAL--NOMBRE DE PERSONA
Nombre de persona Julián, Rafael,
Término indicativo de función/relación ed.
9 (RLIN) 481
910 ## - DATOS DE OPCIÓN DEL USUARIO (OCLC)
Datos de opción del usuario Validado. Control de calidad MFF
942 ## - ELEMENTOS DE PUNTO DE ACCESO ADICIONAL (KOHA)
Fuente del sistema de clasificación o colocación Dewey Decimal Classification
Tipo de ítem Koha Libro
Holdings
Estado de retiro Estado de pérdida Restricciones de uso No para préstamo Código de colección Localización permanente Ubicación/localización actual Ubicación en estantería Fecha de adquisición Fuente de adquisición Número de inventario Total de préstamos Signatura topográfica completa Código de barras Fecha visto por última vez Número de copia Precio válido a partir de Tipo de ítem Koha
    Préstamo en sala   Dominicana de Servicio Biblioteca Nacional Pedro Henríquez Ureña Biblioteca Nacional Pedro Henríquez Ureña Depósito 19.06.2009 002469 LF1   320.97293 B742c, 2007 146-30 25.06.2020 e.3 25.06.2020 Libros y folletos
    Préstamo en sala   Dominicana de Servicio Biblioteca Nacional Pedro Henríquez Ureña Biblioteca Nacional Pedro Henríquez Ureña Depósito 19.06.2009 002470 LF1   320.97293 B742c, 2007 146-40 25.06.2020 e.4 25.06.2020 Libros y folletos
    Préstamo en sala   Dominicana de Servicio Biblioteca Nacional Pedro Henríquez Ureña Biblioteca Nacional Pedro Henríquez Ureña Depósito 19.06.2009 002471 LF1   320.97293 B742c, 2007 146-50 25.06.2020 e.5 25.06.2020 Libros y folletos
      Excluido de préstamo Patrimonio Dominicano Biblioteca Nacional Pedro Henríquez Ureña Biblioteca Nacional Pedro Henríquez Ureña Depósito 19.06.2009 002467 LF1   320.97293 B742c, 2007 146-10 25.06.2020   25.06.2020 No se presta
      Excluido de préstamo Patrimonio Dominicano Biblioteca Nacional Pedro Henríquez Ureña Biblioteca Nacional Pedro Henríquez Ureña Depósito 19.06.2009 002468 LF1   320.97293 B742c, 2007 146-20 25.06.2020 e.2 25.06.2020 No se presta

Powered by Koha